000 00681nam a2200277Ia 4500
005 20260324144441.0
008 008 260324s9999 xx 000 0 eng d
020 _a9780429173790
037 _aEBOOK
040 _aCRL
040 _beng
040 _cCRL
041 _2eng
041 _aeng
084 _qCRL
100 _aShuichi Yamamoto; Kazahiro Nakanishi; Ryuichi Matsuno
_91219364
245 0 _aIon-Exchange Chromatography of Proteins
260 _bTaylor and Francis
260 _c1988
365 _a
365 _b680
856 _uhttp://www.taylorfrancis.com/books/9780429173790
942 _cEBOOK
999 _c1825997
_d1825997